000 00434nam a2200217Ia 4500
003 IT-RoPAU
008 120407s9999 xx 000 0 und d
040 _aIT-RoPAU
040 _cIT-RoPAU
041 _aita
100 _aLeone Tondelli
245 _aGesù secondo Giovanni.
250 _aTorino
260 _aSei
260 _c1944
300 _a346 p.
300 _c20 cm
490 _v1
942 _cBK
999 _c33122
_d33122